Príbeh jedného Slova alebo 15 rokov zborníka Katedry komunikačnej a literárnej výchovy Pedagogickej fakulty PU

Bibliographic Details
Main Authors: Adamčíková, Ľubica (Author), Cibáková, Dana (Author)
Format: Article
Language:Slovak
Subjects:

MARC

LEADER 00000nab a2200000 ar4500
001 vtls010339849
003 SK-MaSNL
005 20260303191048.0
008 120206c2010 xo ar|p|||| |000 b|slo
015 |a SNBRA2012/02 
038 |a SVKPOCL 
040 |a SVKPO  |b slo  |c SVKPO  |e AACR2 
041 |a slo 
044 |a xo  |c SK 
080 |a 811.162.4  |2 2001 
080 |a (048.8)  |2 2001 
100 1 |a Adamčíková, Ľubica  |4 aut  |9 1100493 
245 1 0 |a Príbeh jedného Slova alebo 15 rokov zborníka Katedry komunikačnej a literárnej výchovy Pedagogickej fakulty PU  |c Ľubica Adamčíková, Dana Cibáková 
504 |a Bibliogr. odkazy. 
610 2 7 |a Prešovská univerzita v Prešove.  |b Pedagogická fakulta.  |b Katedra komunikačnej a literárnej výchovy  |2 snkbucl  |9 52400 
650 0 7 |a slovenčina  |2 svkpocl  |9 1350 
650 0 7 |a zborníky  |2 svkpocl  |9 108488 
655 7 |a štúdie  |2 svkpocl  |9 57033 
700 1 |a Cibáková, Dana,  |4 aut  |9 437866 
773 0 |t Slovo o slove : zborník Katedry komunikačnej a literárnej výchovy Pedagogickej fakulty Prešovskej univerzity. Roč. 16  |d Prešov : Prešovská univerzita, Pedagogická fakulta, Katedra komunikačnej a literárnej výchovy, 2010  |g S. 15-17  |z 97855502014 
852 |a SVKPO  |b KIS3GCP 
958 |a SK 
958 |a NB 
999 |c 2139309  |d 2141239